[Event "CZE-chT2B 1314"]
[Site "Czech Republic"]
[Date "2013.11.03"]
[Round "1.3"]
[White "Vltavsky, Vladimir"]
[Black "Paganik, Pavel"]
[Result "1/2-1/2"]
[WhiteElo "2213"]
[BlackElo "2232"]
[PlyCount "39"]
[EventDate "2013.11.03"]
[EventType "team-tourn"]
[EventRounds "11"]
[EventCountry "CZE"]
[SourceTitle "EXT 2015"]
[Source "ChessBase"]
[SourceDate "2014.11.20"]
[SourceVersion "1"]
[SourceVersionDate "2014.11.20"]
[SourceQuality "1"]
[WhiteTeam "Bakov nad Jizerou"]
[BlackTeam "Litvinov Lom"]
[WhiteTeamCountry "CZE"]
[BlackTeamCountry "CZE"]

1. e4 c6 2. d4 d5 3. Nd2 dxe4 4. Nxe4 Nf6 5. Ng3 e6 6. c3 c5 7. Nf3 Nc6 8. Be3 Nd5 9. Bg5 Be7 10. Bxe7 Qxe7 11. dxc5 Qxc5 12. Ne4 Qe7 13. Bc4 0-0 14. 0-0 Nf6 15. Qe2 b6 16. Bd3 Bb7 17. Nxf6+ Qxf6 18. Be4 Rfd8 19. Rfe1 g6 20. Qe3 1/2-1/2

[Event "CZE-chT2A 1213"]
[Site "Czech Republic"]
[Date "2013.01.20"]
[Round "7.2"]
[White "Hadraba, Vladimir"]
[Black "Paganik, Pavel"]
[Result "1/2-1/2"]
[WhiteElo "2228"]
[BlackElo "2267"]
[PlyCount "46"]
[EventDate "2012.10.14"]
[EventType "team-tourn"]
[EventRounds "11"]
[EventCountry "CZE"]
[SourceTitle "EXT 2015"]
[Source "ChessBase"]
[SourceDate "2014.11.20"]
[SourceVersion "1"]
[SourceVersionDate "2014.11.20"]
[SourceQuality "1"]
[WhiteTeam "Teplice"]
[BlackTeam "Most Chess"]
[WhiteTeamCountry "CZE"]
[BlackTeamCountry "CZE"]

1. e4 c5 2. Nf3 d6 3. d4 cxd4 4. Nxd4 Nf6 5. Nc3 a6 6. Be2 e5 7. Nb3 Be7 8. Be3 0-0 9. 0-0 Be6 10. f4 exf4 11. Bxf4 Nc6 12. Qd2 d5 13. e5 Nd7 14. Nxd5 Bxd5 15. Qxd5 Ndxe5 16. Qxd8 Rfxd8 17. Rad1 f6 18. c3 Rxd1 19. Rxd1 Rd8 20. Rxd8+ Bxd8 21. Be3 Kf7 22. Kf2 Be7 23. h3 g6 1/2-1/2

[Event "CZE-chT2A 1213"]
[Site "Czech Republic"]
[Date "2012.12.16"]
[Round "5.2"]
[White "Friml, Antonin"]
[Black "Paganik, Pavel"]
[Result "1-0"]
[WhiteElo "2102"]
[BlackElo "2267"]
[PlyCount "89"]
[EventDate "2012.10.14"]
[EventType "team-tourn"]
[EventRounds "11"]
[EventCountry "CZE"]
[SourceTitle "EXT 2015"]
[Source "ChessBase"]
[SourceDate "2014.11.20"]
[SourceVersion "1"]
[SourceVersionDate "2014.11.20"]
[SourceQuality "1"]
[WhiteTeam "Litvinov Lom"]
[BlackTeam "Most Chess"]
[WhiteTeamCountry "CZE"]
[BlackTeamCountry "CZE"]

1. e4 c6 2. d4 d5 3. Nc3 dxe4 4. Nxe4 Nf6 5. Nxf6+ exf6 6. Nf3 Bd6 7. Be2 0-0 8. 0-0 Nd7 9. Be3 f5 10. c4 Nf6 11. Qc2 Re8 12. Rad1 Qc7 13. Rfe1 Ng4 14. Bd3 Bxh2+ 15. Kh1 g6 16. Bg5 Bd7 17. g3 Bxg3 18. fxg3 Qxg3 19. Rf1 f4 20. Qg2 Qxg2+ 21. Kxg2 Ne3+ 22. Kf2 Nxd1+ 23. Rxd1 Kg7 24. Bxf4 f6 25. Rh1 b5 26. Nd2 a6 27. Nb3 Be6 28. Na5 bxc4 29. Nxc4 Bd5 30. Rd1 a5 31. b3 Ra7 32. Bd6 Bxc4 33. Bxc4 a4 34. b4 Re4 35. Bc5 Ra8 36. Be2 Rd8 37. Bf3 Re6 38. Rd3 h5 39. Ra3 Kh6 40. Rxa4 g5 41. Ra6 g4 42. Rxc6 Rxc6 43. Bxc6 Kg5 44. d5 h4 45. Be7 1-0

[Event "CZE-chT2B 1112"]
[Site "Czech Republic"]
[Date "2011.11.06"]
[Round "2.3"]
[White "Pletanek, Jan"]
[Black "Paganik, Pavel"]
[Result "0-1"]
[WhiteElo "2223"]
[BlackElo "2246"]
[PlyCount "126"]
[EventDate "2011.10.09"]
[EventType "team-tourn"]
[EventRounds "11"]
[EventCountry "CZE"]
[SourceTitle "EXT 2013"]
[Source "ChessBase"]
[SourceDate "2012.11.22"]
[SourceVersion "1"]
[SourceVersionDate "2012.11.22"]
[SourceQuality "1"]
[WhiteTeam "Decin"]
[BlackTeam "Most Chess"]
[WhiteTeamCountry "CZE"]
[BlackTeamCountry "CZE"]

1. e4 c5 2. Nf3 d6 3. c3 e5 4. d4 Qc7 5. dxe5 dxe5 6. Bc4 Nc6 7. h3 Nf6 8. Qe2 Be7 9. Bg5 Nh5 10. g3 0-0 11. Nbd2 Kh8 12. 0-0-0 Rb8 13. Bxe7 Qxe7 14. Nh4 Nf6 15. Ndf3 g6 16. Nh2 Na5 17. Bd5 b5 18. Ng4 c4 19. Nxf6 Qxf6 20. Qe3 Qe7 21. f4 exf4 22. Qxf4 Bb7 23. Nf3 Nc6 24. Rhe1 f6 25. Bxc6 Bxc6 26. Nd4 Bd7 27. e5 fxe5 28. Rxe5 Qg7 29. Qe3 Rbe8 30. Ne6 Bxe6 31. Rxe6 Rxe6 32. Qxe6 Qf6 33. Qe3 a6 34. h4 Kg7 35. a3 Rf7 36. Kb1 Re7 37. Qd2 Qe5 38. Qd8 Rf7 39. Rg1 Qe3 40. Rd1 Qxg3 41. h5 gxh5 42. Ka2 h4 43. Qd4+ Kh6 44. Qb6+ Kg5 45. Qd8+ Kh6 46. Qb6+ Kg5 47. Rd5+ Rf5 48. Qd8+ Kf4 49. Qd6+ Ke4 50. Qe6+ Re5 51. Rd4+ Kf3 52. Qc6+ Ke2 53. Qh1 h3 54. Qd1+ Ke3 55. Qd2+ Kf3 56. Qd1+ Re2 57. Rd7 Qe5 58. Rxh7 h2 59. Qf1+ Ke3 60. Qh3+ Kd2 61. Rd7+ Kc1 62. Ka1 Qe4 63. Rh7 Qb1# 0-1

[Event "Teplice op 6th"]
[Site "Teplice"]
[Date "2011.06.19"]
[Round "9"]
[White "Paganik, Pavel"]
[Black "Kubik, Michael"]
[Result "1/2-1/2"]
[WhiteElo "2253"]
[BlackElo "1889"]
[PlyCount "150"]
[EventDate "2011.06.11"]
[EventType "swiss"]
[EventRounds "9"]
[EventCountry "CZE"]
[SourceTitle "CBM 142 Extra"]
[Source "ChessBase"]
[SourceDate "2011.06.27"]
[SourceVersion "1"]
[SourceVersionDate "2011.06.27"]
[SourceQuality "1"]

1. g3 Nf6 2. Bg2 g6 3. e4 d6 4. d4 Bg7 5. Ne2 0-0 6. 0-0 e5 7. c3 c6 8. Nd2 d5 9. exd5 exd4 10. Nxd4 Nxd5 11. Ne4 Nd7 12. Bg5 Qb6 13. Qd2 Ne5 14. Nd6 Qc5 15. Nxc8 Raxc8 16. Rad1 Nc4 17. Qc1 Rfe8 18. b4 Qb6 19. Qc2 h6 20. Bc1 Rcd8 21. Qb3 Nxc3 22. Qxc3 Rxd4 23. Bxh6 Bh8 24. Rxd4 Qxd4 25. Qxd4 Bxd4 26. Rd1 Bb6 27. Bf1 Ne5 28. Kg2 Ng4 29. Bg5 Nxf2 30. Rd7 Ne4 31. Be7 Nc3 32. Bc4 Nd5 33. Bxd5 cxd5 34. g4 g5 35. Kf3 Kg7 36. Bxg5 Re4 37. a3 Rd4 38. Rd6 Rd3+ 39. Ke2 Rxa3 40. Bf6+ Kh7 41. Rxd5 Re3+ 42. Kd2 Re4 43. h3 Rf4 44. Bc3 Rf2+ 45. Kd1 Rf3 46. Rh5+ Kg6 47. Kc2 Rg3 48. Rh8 Kg5 49. Rh7 Rf3 50. Bd2+ Kg6 51. Rh6+ Kg7 52. g5 Be3 53. Bc3+ Kf8 54. Rh8+ Ke7 55. h4 Rg3 56. Rb8 Rh3 57. Bf6+ Ke6 58. h5 Bf4 59. Rxb7 Rxh5 60. Re7+ Kd6 61. Rxf7 Bxg5 62. Bd4 Bd8 63. Rxa7 Rb5 64. Kc3 Kc6 65. Kc4 Rb7 66. Ra8 Bb6 67. Bc3 Rh7 68. Rc8+ Kb7 69. Rg8 Rh5 70. Rg7+ Kb8 71. Re7 Rf5 72. Be5+ Kc8 73. Kd5 Bd8 74. Ra7 Bf6 75. Ra8+ Kb7 1/2-1/2

[Event "Teplice op 6th"]
[Site "Teplice"]
[Date "2011.06.18"]
[Round "8"]
[White "Vavra, Pavel"]
[Black "Paganik, Pavel"]
[Result "1-0"]
[WhiteElo "2363"]
[BlackElo "2253"]
[PlyCount "47"]
[EventDate "2011.06.11"]
[EventType "swiss"]
[EventRounds "9"]
[EventCountry "CZE"]
[SourceTitle "CBM 142 Extra"]
[Source "ChessBase"]
[SourceDate "2011.06.27"]
[SourceVersion "1"]
[SourceVersionDate "2011.06.27"]
[SourceQuality "1"]

1. e4 c5 2. Nf3 d6 3. d4 cxd4 4. Nxd4 Nf6 5. Nc3 a6 6. Bc4 e5 7. Nf5 Bxf5 8. exf5 Be7 9. Bg5 Nbd7 10. Qf3 0-0 11. Bxf6 Bxf6 12. 0-0-0 Nc5 13. Bd5 Qc7 14. h4 Rac8 15. Be4 Qd8 16. Kb1 b5 17. g4 Bxh4 18. f6 Nxe4 19. Nxe4 d5 20. Qh3 Qc7 21. c3 dxe4 22. Qxh4 h6 23. fxg7 Rfd8 24. Rxd8+ 1-0

[Event "Tabor op"]
[Site "Tabor"]
[Date "2010.08.04"]
[Round "5"]
[White "Pravdik, Kamil"]
[Black "Paganik, Pavel"]
[Result "1/2-1/2"]
[WhiteElo "2043"]
[BlackElo "2266"]
[PlyCount "136"]
[EventDate "2010.08.01"]
[EventType "swiss"]
[EventRounds "9"]
[EventCountry "CZE"]
[SourceTitle "EXT 2012"]
[Source "ChessBase"]
[SourceDate "2011.11.24"]
[SourceVersion "1"]
[SourceVersionDate "2011.11.24"]
[SourceQuality "1"]

1. e4 c5 2. Nf3 d6 3. d4 cxd4 4. Nxd4 Nf6 5. Nc3 a6 6. Be3 e5 7. Nf3 Be7 8. Bc4 0-0 9. 0-0 Be6 10. Bb3 h6 11. Qe2 Nbd7 12. Rfd1 Rc8 13. Rd3 Qc7 14. h3 b5 15. Nh4 Kh7 16. Bd2 g6 17. Rg3 Bc4 18. Qe3 Ng8 19. Nf3 Ndf6 20. Nh2 Nh5 21. Rf3 Nf4 22. h4 Bxh4 23. Bxc4 Qxc4 24. Qa7 b4 25. b3 Qe6 26. Bxf4 exf4 27. Nd5 Qxe4 28. Nxf4 Bf6 29. Rd1 Be5 30. Nd3 Kg7 31. Re1 Qd4 32. Qxa6 Rxc2 33. Qb7 Rxa2 34. Nxb4 Ra1 35. Rfe3 Rxe1+ 36. Rxe1 Qc3 37. Nf3 Re8 38. Nd5 Qc5 39. b4 Qc4 40. Ne3 Qc8 41. Qb5 Qb8 42. Qa4 Nf6 43. b5 d5 44. Rd1 Rd8 45. Nd4 Bxd4 46. Rxd4 Qe5 47. Qd1 h5 48. b6 Qb8 49. Nxd5 Nxd5 50. Rxd5 Rxd5 51. Qxd5 Qxb6 52. g3 Qe6 53. Qd4+ Kh7 54. Kg2 g5 55. Qc5 Kg6 56. Qc2+ Qf5 57. Qc6+ Qf6 58. Qe4+ Kg7 59. Qe2 g4 60. Qe4 Qe6 61. Qd4+ Kg6 62. Qd3+ Kf6 63. Qd4+ Qe5 64. Qd8+ Kf5 65. Qc8+ Qe6 66. Qc5+ Kg6 67. Qc2+ f5 68. Qc5 h4 1/2-1/2

[Event "CZE-chT2B 0910"]
[Site "Czech Republic"]
[Date "2010.03.28"]
[Round "10.2"]
[White "Soukup, Jiri"]
[Black "Paganik, Pavel"]
[Result "1-0"]
[WhiteElo "2311"]
[BlackElo "2295"]
[PlyCount "37"]
[EventDate "2009.10.18"]
[EventType "team-tourn"]
[EventRounds "11"]
[EventCountry "CZE"]
[SourceTitle "EXT 2012"]
[Source "ChessBase"]
[SourceDate "2011.11.24"]
[SourceVersion "1"]
[SourceVersionDate "2011.11.24"]
[SourceQuality "1"]
[WhiteTeam "Karlovy Vary"]
[BlackTeam "Jirkov"]
[WhiteTeamCountry "CZE"]
[BlackTeamCountry "CZE"]

1. e4 d6 2. d4 Nf6 3. Nc3 c6 4. f4 Qc7 5. Nf3 Bg4 6. e5 Nd5 7. Ne4 Nd7 8. c4 N5b6 9. Nf2 Bxf3 10. Qxf3 dxe5 11. fxe5 e6 12. Bf4 Bb4+ 13. Kd1 Rd8 14. Bd3 Be7 15. Ne4 0-0 16. Nf6+ Bxf6 17. exf6 e5 18. Qh3 g6 19. Bxe5 1-0

[Event "Tabor op"]
[Site "Tabor"]
[Date "2009.08.04"]
[Round "4"]
[White "Paganik, Pavel"]
[Black "Vitak, Pavel"]
[Result "1/2-1/2"]
[WhiteElo "2288"]
[BlackElo "2223"]
[PlyCount "122"]
[EventDate "2009.08.02"]
[EventType "swiss"]
[EventRounds "9"]
[EventCountry "CZE"]
[SourceTitle "CBM 131 Extra"]
[Source "ChessBase"]
[SourceDate "2009.09.03"]
[SourceVersion "2"]
[SourceVersionDate "2009.09.16"]
[SourceQuality "1"]

1. d4 Nf6 2. Nf3 g6 3. g3 Bg7 4. Bg2 d5 5. 0-0 c6 6. Nbd2 Bf5 7. c4 Qb6 8. b3 Ne4 9. Bb2 Nd7 10. e3 Qa5 11. a3 Ndf6 12. b4 Qd8 13. Qb3 0-0 14. Rfd1 Rc8 15. a4 Ng4 16. Nxe4 Bxe4 17. Nd2 Bxg2 18. Kxg2 Qd7 19. f3 Nh6 20. Nf1 Qe6 21. Rac1 b6 22. c5 Nf5 23. Rc2 h5 24. Kg1 Rfd8 25. Qd3 bxc5 26. bxc5 Rb8 27. Bc3 Rb3 28. Rb2 Rxb2 29. Bxb2 Rb8 30. Bc3 Bh6 31. f4 Bg7 32. Bd2 Qc8 33. Rb1 Rxb1 34. Qxb1 Qa6 35. a5 Qe2 36. Qe1 Qd3 37. Kf2 Nh6 38. h3 Qf5 39. Kg2 Qe4+ 40. Kg1 e6 41. Qf2 Bf6 42. Nh2 Bd8 43. Nf3 f6 44. Qe2 Kf7 45. Kf2 Qb1 46. Be1 Qb5 47. Qd2 Bc7 48. Qc3 Nf5 49. Qd2 Ne7 50. g4 hxg4 51. hxg4 Qa4 52. Kg2 Qa1 53. Qb4 Qd1 54. Qd2 Qxd2+ 55. Bxd2 a6 56. Ne1 Ke8 57. Nd3 Kd7 58. Bc3 Nc8 59. Nb2 Na7 60. Na4 Nb5 61. Bb4 Bb8 1/2-1/2

[Event "Tabor op"]
[Site "Tabor"]
[Date "2009.08.03"]
[Round "2"]
[White "Paganik, Pavel"]
[Black "Dolezal, Radoslav"]
[Result "1-0"]
[WhiteElo "2288"]
[BlackElo "2396"]
[PlyCount "77"]
[EventDate "2009.08.02"]
[EventType "swiss"]
[EventRounds "9"]
[EventCountry "CZE"]
[SourceTitle "CBM 131 Extra"]
[Source "ChessBase"]
[SourceDate "2009.09.03"]
[SourceVersion "2"]
[SourceVersionDate "2009.09.16"]
[SourceQuality "1"]

1. e4 e5 2. Nf3 Nc6 3. Bb5 a6 4. Ba4 Nf6 5. 0-0 b5 6. Bb3 Be7 7. d4 d6 8. c3 0-0 9. h3 Bb7 10. Qe2 Nd7 11. Rd1 Bf6 12. d5 Na5 13. Bc2 Nc4 14. a4 Ncb6 15. axb5 axb5 16. Rxa8 Qxa8 17. Na3 b4 18. cxb4 Be7 19. Nb5 Qb8 20. Nc3 c6 21. dxc6 Bxc6 22. b5 Bb7 23. Be3 Rc8 24. Nd2 Nc5 25. Nb3 Nbd7 26. f3 Ne6 27. Qd2 Qc7 28. Ra1 Nb6 29. Bd3 Nc5 30. Nxc5 dxc5 31. Qf2 Qd6 32. Bf1 Nd7 33. b3 Nf8 34. Rd1 Qc7 35. Bc4 Ne6 36. Bxe6 fxe6 37. Qe2 Rb8 38. Qc4 Bc8 39. b4 1-0

[Event "Karlovy Vary op"]
[Site "Karlovy Vary"]
[Date "2009.04.30"]
[Round "2"]
[White "Kovar, Petr1111"]
[Black "Paganik, Pavel"]
[Result "0-1"]
[WhiteElo "2063"]
[BlackElo "2272"]
[PlyCount "76"]
[EventDate "2009.04.29"]
[EventType "swiss"]
[EventRounds "7"]
[EventCountry "CZE"]
[SourceTitle "CBM 130 Extra"]
[Source "ChessBase"]
[SourceDate "2009.07.02"]
[SourceVersion "2"]
[SourceVersionDate "2009.07.15"]
[SourceQuality "1"]

1. Nf3 g6 2. c4 Bg7 3. Nc3 e5 4. g3 Nc6 5. Bg2 Nge7 6. 0-0 0-0 7. e3 f5 8. d4 e4 9. Nd2 d5 10. cxd5 Nxd5 11. Qb3 Be6 12. Nxd5 Bxd5 13. Qc3 Re8 14. Nb3 a5 15. Bd2 b6 16. Rfe1 Qe7 17. Bf1 a4 18. Nc1 Qf7 19. Bb5 Re6 20. b3 a3 21. Rb1 g5 22. Bc4 Ne7 23. Bxd5 Nxd5 24. Qc4 c6 25. Qf1 f4 26. Ne2 f3 27. Nc3 Qf5 28. h3 Rd8 29. Nxd5 Rxd5 30. Rbc1 Rh6 31. Kh2 Bf8 32. Rc4 Bd6 33. Bb4 c5 34. dxc5 bxc5 35. Bxa3 Rd2 36. Kg1 Rxh3 37. Rxe4 Rxg3+ 38. fxg3 f2+ 0-1

[Event "Karlovy Vary op"]
[Site "Karlovy Vary"]
[Date "2009.04.30"]
[Round "3"]
[White "Paganik, Pavel"]
[Black "Kozak, Milos"]
[Result "0-1"]
[WhiteElo "2272"]
[BlackElo "2139"]
[PlyCount "62"]
[EventDate "2009.04.29"]
[EventType "swiss"]
[EventRounds "7"]
[EventCountry "CZE"]
[SourceTitle "CBM 130 Extra"]
[Source "ChessBase"]
[SourceDate "2009.07.02"]
[SourceVersion "2"]
[SourceVersionDate "2009.07.15"]
[SourceQuality "1"]

1. Nf3 Nf6 2. c4 g6 3. Nc3 Bg7 4. g3 0-0 5. Bg2 d6 6. 0-0 Nc6 7. d4 a6 8. d5 Na5 9. Qd3 c5 10. e4 Rb8 11. Nd2 Bd7 12. a4 h5 13. h3 e5 14. Ra3 h4 15. g4 Nh7 16. f4 exf4 17. Rxf4 Bh6 18. Rf1 Bg7 19. Nf3 Nxc4 20. Qxc4 b5 21. axb5 axb5 22. Qd3 b4 23. Ra7 bxc3 24. bxc3 Rb3 25. Bd2 Bb5 26. Qc2 Bxf1 27. Qxb3 Bxg2 28. Kxg2 Qe8 29. Qc4 Nf6 30. Ra4 Nd7 31. Bf4 Nb6 0-1

[Event "CZE-chT2b 0607"]
[Site "Czech Republic"]
[Date "2006.11.19"]
[Round "3"]
[White "Paganik, Pavel"]
[Black "Most, Zdenek"]
[Result "1-0"]
[WhiteElo "2260"]
[BlackElo "2135"]
[PlyCount "57"]
[EventDate "2006.10.15"]
[EventType "team"]
[EventRounds "11"]
[EventCountry "CZE"]
[SourceTitle "EXT 2009"]
[Source "ChessBase"]
[SourceDate "2008.11.26"]
[SourceVersion "1"]
[SourceVersionDate "2008.11.26"]
[SourceQuality "1"]

1. d4 Nf6 2. Nf3 d5 3. Bf4 e6 4. e3 c5 5. c3 Nc6 6. Nbd2 Nh5 7. Bg3 a6 8. Bd3 Be7 9. Qc2 g6 10. Be5 Nxe5 11. Nxe5 Bd6 12. Ndf3 Qc7 13. g4 Nf6 14. g5 c4 15. gxf6 cxd3 16. Qxd3 Qd8 17. Ng5 0-0 18. Ng4 Kh8 19. Nxh7 Kxh7 20. e4 Rh8 21. e5 Bf8 22. h4 Kg8 23. h5 Qe8 24. 0-0-0 b5 25. hxg6 fxg6 26. Rxh8+ Kxh8 27. Rh1+ Kg8 28. Qh3 Qd7 29. Qh8+ 1-0

[Event "CZE-chT2b 0607"]
[Site "Czech Republic"]
[Date "2006.11.05"]
[Round "2"]
[White "Gutman, Petr"]
[Black "Paganik, Pavel"]
[Result "0-1"]
[WhiteElo "2172"]
[BlackElo "2260"]
[PlyCount "80"]
[EventDate "2006.10.15"]
[EventType "team"]
[EventRounds "11"]
[EventCountry "CZE"]
[SourceTitle "EXT 2009"]
[Source "ChessBase"]
[SourceDate "2008.11.26"]
[SourceVersion "1"]
[SourceVersionDate "2008.11.26"]
[SourceQuality "1"]

1. c4 g6 2. Nc3 Bg7 3. g3 e5 4. Bg2 Ne7 5. e4 Nbc6 6. Nge2 d6 7. 0-0 0-0 8. d3 f5 9. f4 fxe4 10. dxe4 Bg4 11. h3 Be6 12. Nd5 Nd4 13. Nxd4 exd4 14. b3 c6 15. Nxe7+ Qxe7 16. Bb2 c5 17. Qd3 Bd7 18. Rae1 Bc6 19. Rf2 Rae8 20. Rfe2 Qd7 21. Kh2 Kh8 22. h4 b5 23. Bf3 bxc4 24. bxc4 Bb7 25. Kg2 h5 26. Ba3 Qc8 27. e5 Bxf3+ 28. Kxf3 Qg4+ 29. Kg2 Rxf4 30. exd6 Ref8 31. d7 Rf3 32. Qxf3 Qxf3+ 33. Kh2 d3 34. Rd2 Qf5 35. Re7 Bc3 36. Re8 Qxd7 37. Rxf8+ Kg7 38. Rdf2 d2 39. Ra8 d1Q 40. Bxc5 Qb7 0-1

[Event "Piestany op"]
[Site "Piestany"]
[Date "2005.11.20"]
[Round "7"]
[White "Paganik, Pavel"]
[Black "Vass, Frantisek"]
[Result "1/2-1/2"]
[WhiteElo "2307"]
[BlackElo "2281"]
[PlyCount "25"]
[EventDate "2005.11.16"]
[EventType "swiss"]
[EventRounds "7"]
[EventCountry "SVK"]
[SourceTitle "CBM 109 Extra"]
[Source "ChessBase"]
[SourceDate "2006.01.03"]
[SourceVersion "2"]
[SourceVersionDate "2006.01.03"]
[SourceQuality "1"]

1. d4 d5 2. Nf3 Nf6 3. Bf4 c6 4. c3 Nbd7 5. e3 Ne4 6. Bd3 Ndf6 7. Qc2 Bf5 8. 0-0 e6 9. Nbd2 h6 10. Be5 Nxd2 11. Nxd2 Bxd3 12. Qxd3 Bd6 13. f4 1/2-1/2